Statistics for All time UK Top 15 Selling SINGLES:the artists? (with clues)

Click here to take the quiz!

General Stats

  • This quiz has been taken 30 times
  • The average score is 6 of 14

Answer Stats

HintAnswer% Correct
DianaElton John
89%
RoyaltyQueen
82%
Soaked x 3Wet Wet Wet
79%
F4The Beatles
75%
Macca's bandWings
68%
Robin HoodBryan Adams
54%
Plaster/Adhesive bandageBand Aid
46%
Greasey?John Travolta and Olivia Newton-John
36%
Skinny 007's Boss?Boney M
29%
Soldier Soldier (sorry non-Brits, this one's a write off for you!)Robson & Jerome
29%
Merry. Joyful. Smiley.Pharrell Williams
14%
Thwack/Biff/BoshWham
11%
Fondness PhonerStevie Wonder
7%
CalmFrankie Goes to Hollywood
4%

Score Distribution

Percentile by Number Answered

Percent of People with Each Score

Your Score History

You have not taken this quiz